Arte e beleza na estética medieval (Registo nº 198966)

Detalhes MARC
000 -Etiqueta do registo
Valores 00584nam 22002173 4500
021 ## - Número do Depósito Legal
Número 25917/89
100 ## - Dados gerais de processamento
Dados gerais 20251112d u||y0pory50 ba
200 ## - Titulo e menção de responsabilidade
Título próprio Arte e beleza na estética medieval
Primeira menção de responsabilidade Umberto Eco
205 ## - Menção da edição
Edição
210 ## - Publicação
Local de publicação Lisboa
Nome do editor Editorial Presença
Data de publicação 1989
215 ## - Descrição física 
Paginação / Volumes 198, [2] p.
Outras indicações físicas brochado
Dimensões 22 cm
225 ## - Colecção 
Título próprio da colecção Dimensões
606 ## - Nome comum usado como assunto
ID Autoridade 4600
Palavra de ordem Arquitetura
610 ## - Termos não controlados
Palavra de ordem estética medieval
675 ## - CDU
Notação 72
Edição PT
Língua por
700 ## - Autor principal (pessoa individual)
ID Autoridade 1893
Apelido Eco
Nome Umberto
Datas 1932-2016
801 ## - Fonte de origem
País PT
Agência BMMN
Regras de catalogação RPC
830 ## - Notas gerais do catalogador
Criado por Fernando
Indexado por Fernando
990 ## - Elementos KOHA
Tipo de documento Livro
Exemplares
Situação do levantamento Biblioteca de origem Código de barras Cota Permissão de empréstimo Tipo de documento Forma de aquisição
  Biblioteca Municipal de Montemor-o-Novo 27615 72 ECO|LG   Livro Compra

Powered by Koha